|
|
|
|
| LEADER |
00000nam0a2200000 4500 |
| 001 |
302626 |
| 005 |
20231102001525.0 |
| 010 |
|
|
|a 9785983850156
|
| 035 |
|
|
|a (RuTPU)RU\TPU\book\327833
|
| 090 |
|
|
|a 302626
|
| 100 |
|
|
|a 20150825d2015 km y0rusy50 ca
|
| 101 |
0 |
|
|a rus
|
| 102 |
|
|
|a RU
|
| 105 |
|
|
|a a gj 001zy
|
| 200 |
1 |
|
|a Использование солнечной энергии для производства тепловой энергии
|e справочно-методическое издание
|f В. А. Бутузов, В. В. Бутузов
|g под ред. П. П. Безруких
|
| 210 |
|
|
|a Москва
|c Интехэнерго-Издат
|c Теплоэнергетик
|d 2015
|
| 215 |
|
|
|a 290 с.
|c ил.
|
| 225 |
1 |
|
|a Библиотека энергоэффективности и энергосбережения
|
| 225 |
1 |
|
|a Серия 3. Возобновляемая энергетика
|
| 320 |
|
|
|a Библиогр.: с. 281-288.
|
| 320 |
|
|
|a Список обозначений: с. 276-280.
|
| 330 |
|
|
|a Солнечное теплоснабжение по годовой выработке энергии в мировой возобновляемой энергетике занимает второе место. Энергетический потенциал солнечной радиации оценивается по специальным методикам с использованием справочников и баз данных. Основными технологиями солнечного теплоснабжения являются жидкостные пассивные и активные системы. Применяются также воздушные системы, солнечное хладоснабжение, опреснение воды и сушка продуктов. Представлены тепловые процессы, баланс, характеристики и конструкции солнечных коллекторов (плоских, вакуумных, пластиковых, воздушных). Приведены рекомендации по выбору принципиальных технических решений гелиоустановок, анализ отечественных и зарубежных норм проектирования, расчетов параметров гелиоустанвок и их оборудования, экономической окупаемости. Выполнен анализ российского и мирового опыта развития методов использования ВИЭ и оценены перспективы до 2030 г. Приложены графики прироста площади гелиоустановок по страном мира, перечень гелиоустановок в России.
|
| 606 |
1 |
|
|a Солнечная энергия
|x Использование
|2 stltpush
|3 (RuTPU)RU\TPU\subj\55505
|9 73527
|
| 610 |
1 |
|
|a солнечная радиация
|
| 610 |
1 |
|
|a энергетический потенциал
|
| 610 |
1 |
|
|a солнечное теплоснабжение
|
| 610 |
1 |
|
|a технология
|
| 610 |
1 |
|
|a солнечные коллекторы
|
| 610 |
1 |
|
|a элементы
|
| 610 |
1 |
|
|a технические решения
|
| 610 |
1 |
|
|a гелиоустановки
|
| 610 |
1 |
|
|a проектирование
|
| 610 |
1 |
|
|a перспективы
|
| 610 |
1 |
|
|a справочно-методические пособия
|
| 675 |
|
|
|a 621.472(035)(07)
|v 4
|
| 700 |
|
1 |
|a Бутузов
|b В. А.
|g Виталий Анатольевич
|
| 701 |
|
1 |
|a Бутузов
|b В. В.
|g Виталий Витальевич
|
| 702 |
|
1 |
|a Безруких
|b П. П.
|4 340
|
| 801 |
|
1 |
|a RU
|b 63413507
|c 20150825
|
| 801 |
|
2 |
|a RU
|b 63413507
|c 20151009
|g RCR
|
| 900 |
|
|
|a Нетрадиционные и возобновляемые источники энергии
|
| 900 |
|
|
|a Нетрадиционные способы производства электроэнергии
|
| 942 |
|
|
|c BK
|
| 959 |
|
|
|a 102/20150825
|d 1
|e 0
|f ЧЗТЛ:1
|